[Event "Deutsche Ländermeisterschaft 2019"]
[Site "Würzburg GER"]
[Date "2019.10.04"]
[Round "5"]
[White "Sens, Gerda"]
[Black "Haug, Mara"]
[Result "1-0"]
[Termination "normal"]
[Board "8.8"]
[WhiteElo "1291"]
[BlackElo "1508"]
[WhiteClock "00:33:31"]
[BlackClock "00:27:56"]
[WhiteTeam "Mecklenburg-Vorpommern"]
[BlackTeam "Baden 2"]
[PlyCount "149"]
[WhiteFideId "16287029"]
[BlackFideId "16259300"]
[EventCountry "GER"]
[EventRounds "7"]
[EventType "team-swiss"]
[EventDate "2019.10.01"]

1. e4 {[%clk 1:30:59]} e5 {[%clk 1:30:52]} 2. Nf3 {[%clk 1:31:14]} Nc6 {[%clk
1:31:17]} 3. Bc4 {[%clk 1:31:28]} Bc5 {[%clk 1:31:41]} 4. c3 {[%clk 1:31:39]}
Nf6 {[%clk 1:32:05]} 5. d3 {[%clk 1:31:34]} h6 {[%clk 1:31:34]} 6. O-O {[%clk
1:30:58]} d6 {[%clk 1:28:53]} 7. Bb3 {[%clk 1:30:31]} Bg4 {[%clk 1:26:35]} 8.
h3 {[%clk 1:28:58]} Bh5 {[%clk 1:25:07]} 9. Nbd2 {[%clk 1:27:32]} Qd7 {[%clk
1:22:55]} 10. Re1 {[%clk 1:26:18]} O-O-O {[%clk 1:15:16]} 11. Nf1 {[%clk
1:22:15]} g5 {[%clk 1:11:19]} 12. Ng3 {[%clk 1:18:43]} g4 {[%clk 1:09:33]} 13.
Nxh5 {[%clk 1:16:47]} Nxh5 {[%clk 1:09:01]} 14. hxg4 {[%clk 1:16:20]} Qxg4
{[%clk 1:07:01]} 15. Nh2 {[%clk 1:14:49]} Qg6 {[%clk 1:01:12]} 16. Qg4+ {[%clk
1:13:26]} Qxg4 {[%clk 1:01:10]} 17. Nxg4 {[%clk 1:13:29]} Rh7 {[%clk 0:55:49]}
18. Be3 {[%clk 1:07:30]} Rg8 {[%clk 0:52:48]} 19. Bxf7 {[%clk 0:56:56]} Rxg4
{[%clk 0:46:14]} 20. Be6+ {[%clk 0:56:42]} Kb8 {[%clk 0:45:51]} 21. Bxg4 {[%clk
0:56:50]} Nf6 {[%clk 0:38:13]} 22. Bf5 {[%clk 0:52:05]} Rh8 {[%clk 0:38:17]}
23. b4 {[%clk 0:50:18]} Bxe3 {[%clk 0:37:21]} 24. Rxe3 {[%clk 0:50:10]} d5
{[%clk 0:34:38]} 25. Rf3 {[%clk 0:44:57]} a6 {[%clk 0:26:51]} 26. Be6 {[%clk
0:42:05]} Nh5 {[%clk 0:22:49]} 27. Bxd5 {[%clk 0:38:11]} Ne7 {[%clk 0:22:18]}
28. a4 {[%clk 0:32:41]} Nf4 {[%clk 0:21:30]} 29. Ra3 {[%clk 0:30:08]} Nexd5
{[%clk 0:19:18]} 30. exd5 {[%clk 0:30:14]} Rg8 {[%clk 0:19:08]} 31. g3 {[%clk
0:26:19]} Nxd5 {[%clk 0:18:59]} 32. Rf5 {[%clk 0:24:14]} Nf4 {[%clk 0:16:15]}
33. Rxe5 {[%clk 0:18:47]} Nxd3 {[%clk 0:15:40]} 34. Rh5 {[%clk 0:17:23]} Rg6
{[%clk 0:15:21]} 35. b5 {[%clk 0:14:07]} a5 {[%clk 0:14:37]} 36. Kf1 {[%clk
0:12:25]} Rf6 {[%clk 0:13:59]} 37. Ra2 {[%clk 0:10:20]} b6 {[%clk 0:13:36]} 38.
Rd2 {[%clk 0:09:01]} Nc5 {[%clk 0:13:05]} 39. Rd8+ {[%clk 0:08:40]} Kb7 40. Rh4
{[%clk 0:08:03]} Re6 {[%clk 0:10:27]} 41. Rh8 {[%clk 0:06:59]} Ne4 {[%clk
0:06:36]} 42. R8xh6 {[%clk 0:06:15]} Rxh6 {[%clk 0:05:58]} 43. Rxh6 {[%clk
0:06:17]} Nxc3 {[%clk 0:06:17]} 44. g4 {[%clk 0:06:27]} Nxa4 {[%clk 0:04:16]}
45. g5 {[%clk 0:06:44]} Nc5 {[%clk 0:04:29]} 46. Rh4 {[%clk 0:06:16]} a4 {[%clk
0:03:59]} 47. Rc4 {[%clk 0:05:17]} a3 {[%clk 0:03:27]} 48. Rc1 {[%clk 0:05:22]}
Ne6 {[%clk 0:01:49]} 49. g6 {[%clk 0:05:15]} Kc8 {[%clk 0:29:55]} 50. Ra1
{[%clk 0:36:03]} Kd7 {[%clk 0:30:13]} 51. Rxa3 {[%clk 0:35:53]} Ke7 {[%clk
0:30:27]} 52. Re3 {[%clk 0:35:24]} Kf6 {[%clk 0:30:04]} 53. Rg3 {[%clk
0:34:51]} Kg7 {[%clk 0:29:45]} 54. Re3 {[%clk 0:34:16]} Kf6 {[%clk 0:30:00]}
55. f4 {[%clk 0:34:08]} Ng7 {[%clk 0:28:55]} 56. Rc3 {[%clk 0:33:36]} Ne6
{[%clk 0:28:07]} 57. Rc6 {[%clk 0:32:39]} Ke7 {[%clk 0:25:20]} 58. g7 {[%clk
0:32:20]} Kf7 {[%clk 0:24:16]} 59. g8=Q+ {[%clk 0:32:20]} Kxg8 {[%clk 0:24:36]}
60. Rxe6 {[%clk 0:32:35]} Kf7 {[%clk 0:24:54]} 61. Rc6 {[%clk 0:32:36]} Ke7
{[%clk 0:25:08]} 62. Rxc7+ {[%clk 0:32:55]} Kf6 {[%clk 0:25:32]} 63. Rc6+
{[%clk 0:33:01]} Kf5 {[%clk 0:25:57]} 64. Rxb6 {[%clk 0:33:11]} Kxf4 {[%clk
0:26:17]} 65. Ra6 {[%clk 0:33:26]} Ke4 {[%clk 0:26:37]} 66. b6 {[%clk 0:33:54]}
Kd4 {[%clk 0:26:59]} 67. b7 {[%clk 0:33:58]} Ke5 {[%clk 0:27:22]} 68. b8=Q+ Ke4
69. Qb3 {[%clk 0:33:27]} Kd4 {[%clk 0:27:43]} 70. Ra4+ {[%clk 0:33:19]} Kc5
{[%clk 0:27:47]} 71. Qb4+ {[%clk 0:33:30]} Kd5 {[%clk 0:27:48]} 72. Ra5+ {[%clk
0:33:49]} Kc6 {[%clk 0:27:56]} 73. Qc5+ {[%clk 0:33:53]} Kb7 {[%clk 0:27:56]}
74. Rb5+ {[%clk 0:33:31]} Ka6 75. Qb6# 1-0

[Event "Deutsche Ländermeisterschaft 2019"]
[Site "Würzburg GER"]
[Date "2019.10.04"]
[Round "5"]
[White "Wendler, David"]
[Black "Heldt, Nils-Lennart"]
[Result "1-0"]
[Termination "normal"]
[Board "9.1"]
[WhiteElo "2077"]
[BlackElo "2131"]
[WhiteTeam "Team Süd"]
[BlackTeam "SG Bremen / Niedersachsen"]
[PlyCount "51"]
[WhiteFideId "12938360"]
[BlackFideId "12952109"]
[EventCountry "GER"]
[EventRounds "7"]
[EventType "team-swiss"]
[EventDate "2019.10.01"]

1. e4 c5 2. c3 d5 3. exd5 Qxd5 4. d4 Nc6 5. Nf3 Bg4 6. Be2 e6 7. h3 Bh5 8. c4
Qd7 9. g4 Bg6 10. d5 Nd4 11. Nxd4 cxd4 12. Qxd4 Bb4+ 13. Bd2 Bxd2+ 14. Qxd2
O-O-O 15. Nc3 Nf6 16. Bf3 exd5 17. cxd5 Rhe8+ 18. Kf1 Kb8 19. Kg2 h5 20. Rhe1
hxg4 21. hxg4 Ka8 22. Qf4 Bh7 23. g5 Bf5 24. gxf6 gxf6 25. Rxe8 Rxe8 26. Ne2
1-0

[Event "Deutsche Ländermeisterschaft 2019"]
[Site "Würzburg GER"]
[Date "2019.10.04"]
[Round "5"]
[White "Pahl, Erik"]
[Black "Jakob, Georg"]
[Result "0-1"]
[Termination "normal"]
[Board "9.2"]
[WhiteElo "2027"]
[BlackElo "1952"]
[WhiteTeam "SG Bremen / Niedersachsen"]
[BlackTeam "Team Süd"]
[PlyCount "88"]
[WhiteFideId "16201272"]
[BlackFideId "16224221"]
[EventCountry "GER"]
[EventRounds "7"]
[EventType "team-swiss"]
[EventDate "2019.10.01"]

1. e4 c5 2. Nf3 g6 3. d4 cxd4 4. Nxd4 Bg7 5. c4 Nc6 6. Be3 Nf6 7. Nc3 Ng4 8.
Qxg4 Nxd4 9. Qd1 e5 10. Be2 O-O 11. O-O d6 12. Qd2 Be6 13. Bxd4 exd4 14. Nb5
Rc8 15. Rac1 Qb6 16. Rfd1 d3 17. Bxd3 a6 18. Nc3 Bxc4 19. Bxc4 Rxc4 20. Nd5 Qb5
21. Nc7 Qc6 22. Nd5 Qb5 23. Nc7 Qb4 24. Rxc4 Qxc4 25. Qxd6 Qxe4 26. b3 Qc2 27.
Re1 Qxa2 28. g3 Qxb3 29. Kg2 a5 30. Re8 Qa4 31. Rxf8+ Bxf8 32. Qd8 Qc6+ 33. Kg1
Qd6 34. Qc8 b5 35. Ne8 Qe5 36. Qc6 b4 37. Nf6+ Kg7 38. Ne8+ Kh8 39. Qc8 b3 40.
Nf6 Qe1+ 41. Kg2 Qb4 42. Nd7 Kg8 43. Nf6+ Kg7 44. Ne8+ Kh8 0-1

[Event "Deutsche Ländermeisterschaft 2019"]
[Site "Würzburg GER"]
[Date "2019.10.04"]
[Round "5"]
[White "Franke, Luca"]
[Black "Pahl, Theis"]
[Result "0-1"]
[Termination "normal"]
[Board "9.3"]
[WhiteElo "1872"]
[BlackElo "1984"]
[WhiteTeam "Team Süd"]
[BlackTeam "SG Bremen / Niedersachsen"]
[PlyCount "68"]
[WhiteFideId "16234774"]
[BlackFideId "16201264"]
[EventCountry "GER"]
[EventRounds "7"]
[EventType "team-swiss"]
[EventDate "2019.10.01"]

1. d4 Nf6 2. c4 e6 3. g3 c5 4. d5 exd5 5. cxd5 d6 6. Nc3 g6 7. Bg2 Bg7 8. Nf3
O-O 9. O-O a6 10. a4 Re8 11. Nd2 Nbd7 12. Nc4 Nb6 13. Nxb6 Qxb6 14. a5 Qc7 15.
e4 b5 16. axb6 Qxb6 17. Qa4 Bd7 18. Qa5 Qb8 19. h3 Bb5 20. Re1 Nd7 21. Bf4 Ne5
22. Bxe5 Bxe5 23. Rad1 Bc4 24. Na4 Bb3 25. Rd2 Qb5 26. Qxb5 axb5 27. Nc3 b4 28.
Nb5 Ra5 29. Bf1 g5 30. h4 g4 31. Kg2 Rb8 32. Nc7 Rb7 33. Na6 c4 34. Re3 Ba2 0-1

[Event "Deutsche Ländermeisterschaft 2019"]
[Site "Würzburg GER"]
[Date "2019.10.04"]
[Round "5"]
[White "Möller, Hannah"]
[Black "Lederer, Leia"]
[Result "1/2-1/2"]
[Termination "normal"]
[Board "9.4"]
[WhiteElo "1859"]
[BlackElo "1750"]
[WhiteTeam "SG Bremen / Niedersachsen"]
[BlackTeam "Team Süd"]
[PlyCount "64"]
[WhiteFideId "1270514"]
[BlackFideId "12926353"]
[EventCountry "GER"]
[EventRounds "7"]
[EventType "team-swiss"]
[EventDate "2019.10.01"]

1. Nf3 Nc6 2. d4 d5 3. g3 Bf5 4. Bg2 Nf6 5. O-O Qd7 6. c4 Bh3 7. Ne5 Nxe5 8.
dxe5 Bxg2 9. Kxg2 Ng4 10. Qxd5 Qxd5+ 11. cxd5 Nxe5 12. Nc3 O-O-O 13. Bf4 Ng6
14. Be3 a6 15. Rfc1 Kb8 16. b4 b6 17. a4 e5 18. dxe6 fxe6 19. b5 a5 20. Ne4 h6
21. Rc6 Ne7 22. Rxe6 Nd5 23. Bd2 Bb4 24. Bxb4 Nxb4 25. Nc3 Rd2 26. Rc1 Rf8 27.
Re7 g5 28. Rh7 g4 29. Rxh6 Na2 30. Nxa2 Rxa2 31. Rh7 Rxe2 32. Rhxc7 Rfxf2+
1/2-1/2

[Event "Deutsche Ländermeisterschaft 2019"]
[Site "Würzburg GER"]
[Date "2019.10.04"]
[Round "5"]
[White "Pavlov, Liliane"]
[Black "Sinnhöfer, Joshua"]
[Result "1/2-1/2"]
[Termination "normal"]
[Board "9.5"]
[WhiteElo "1629"]
[BlackElo "1606"]
[WhiteTeam "Team Süd"]
[BlackTeam "SG Bremen / Niedersachsen"]
[PlyCount "50"]
[WhiteFideId "16225449"]
[BlackFideId "16201361"]
[EventCountry "GER"]
[EventRounds "7"]
[EventType "team-swiss"]
[EventDate "2019.10.01"]

1. d4 d5 2. c4 e5 3. dxe5 d4 4. Nf3 Nc6 5. g3 Bg4 6. Nbd2 Bb4 7. Bg2 Nge7 8.
O-O Ng6 9. Nb3 Bxf3 10. Bxf3 Ngxe5 11. Bd5 Qf6 12. c5 b6 13. cxb6 axb6 14. Nxd4
O-O 15. Nxc6 Nxc6 16. Qc2 Bc5 17. Be3 Nb4 18. Qb3 Nxd5 19. Bxc5 bxc5 20. Qxd5
Qxb2 21. a4 Qb4 22. Rfc1 Rxa4 23. Rxa4 Qxa4 24. Rxc5 Qa7 25. Ra5 Qb8 1/2-1/2

[Event "Deutsche Ländermeisterschaft 2019"]
[Site "Würzburg GER"]
[Date "2019.10.04"]
[Round "5"]
[White "Sinnhöfer, Lilian"]
[Black "Peters, Theresa"]
[Result "1/2-1/2"]
[Termination "normal"]
[Board "9.6"]
[WhiteElo "1442"]
[BlackElo "1879"]
[WhiteTeam "SG Bremen / Niedersachsen"]
[BlackTeam "Team Süd"]
[PlyCount "105"]
[WhiteFideId "12977586"]
[BlackFideId "12952192"]
[EventCountry "GER"]
[EventRounds "7"]
[EventType "team-swiss"]
[EventDate "2019.10.01"]

1. e4 c5 2. Nc3 Nc6 3. Nf3 e6 4. d4 cxd4 5. Nxd4 a6 6. Bc4 Bc5 7. Nxc6 bxc6 8.
Bf4 Ne7 9. O-O Ng6 10. Bd6 Bxd6 11. Qxd6 Qe7 12. Qxe7+ Kxe7 13. f4 d5 14. Bb3
Rd8 15. g3 Kf8 16. f5 exf5 17. exd5 cxd5 18. Bxd5 Rb8 19. Rad1 f4 20. gxf4 Bh3
21. Bg2 Rxd1 22. Nxd1 Bxg2 23. Kxg2 Rd8 24. Ne3 Rd2+ 25. Kg3 Re2 26. Rf3 h5 27.
h4 Ne7 28. b3 Nc6 29. c3 Rxa2 30. Nd5 Na5 31. b4 Nc4 32. Rd3 Nd6 33. Ne3 Ne4+
34. Kf3 Nd2+ 35. Kg3 Ne4+ 36. Kf3 Nd2+ 37. Ke2 Ne4+ 38. Ke1 g6 39. Rd8+ Kg7 40.
Rd3 Rh2 41. c4 Rxh4 42. Ng2 Rh1+ 43. Ke2 Rb1 44. Rd4 Ng3+ 45. Kf3 Nf5 46. Rd3
Rxb4 47. Rc3 Kf6 48. c5 Ke7 49. Ne3 Nd4+ 50. Kf2 Rb2+ 51. Kf1 Kd7 52. Rd3 Kc6
53. Rxd4 1/2-1/2

[Event "Deutsche Ländermeisterschaft 2019"]
[Site "Würzburg GER"]
[Date "2019.10.04"]
[Round "5"]
[White "Ensslinger, Colin"]
[Black "Fröhlich, Niklas"]
[Result "1-0"]
[Termination "normal"]
[Board "9.7"]
[WhiteElo "1666"]
[BlackElo "1228"]
[WhiteTeam "Team Süd"]
[BlackTeam "SG Bremen / Niedersachsen"]
[PlyCount "71"]
[WhiteFideId "16226011"]
[BlackFideId "16245016"]
[EventCountry "GER"]
[EventRounds "7"]
[EventType "team-swiss"]
[EventDate "2019.10.01"]

1. c4 e5 2. g3 d6 3. Bg2 g6 4. d4 Bg7 5. dxe5 Bxe5 6. Nf3 Bg7 7. O-O Ne7 8. Nc3
c6 9. Bf4 Nf5 10. e4 Ne7 11. Qxd6 Qxd6 12. Bxd6 Be6 13. c5 Nd7 14. e5 Nc8 15.
Rfe1 Nxd6 16. cxd6 O-O 17. Re3 Rfe8 18. Rae1 Bf5 19. Nh4 Be6 20. f4 Bh6 21. Nf3
Rac8 22. Nd4 Bc4 23. b3 Ba6 24. Bh3 Rcd8 25. Ne4 Bg7 26. Bxd7 Rxd7 27. Nc5 Rdd8
28. Nxa6 bxa6 29. Nxc6 Rc8 30. Ne7+ Rxe7 31. dxe7 Re8 32. Rd3 Rxe7 33. Rc1 Bf8
34. Rd8 f5 35. Rcc8 Rf7 36. e6 1-0

[Event "Deutsche Ländermeisterschaft 2019"]
[Site "Würzburg GER"]
[Date "2019.10.04"]
[Round "5"]
[White "Vianden, Ella"]
[Black "Bakó, Isabella"]
[Result "1-0"]
[Termination "normal"]
[Board "9.8"]
[WhiteElo "1306"]
[BlackElo "1266"]
[WhiteTeam "SG Bremen / Niedersachsen"]
[BlackTeam "Team Süd"]
[PlyCount "53"]
[WhiteFideId "16235592"]
[BlackFideId "16287266"]
[EventCountry "GER"]
[EventRounds "7"]
[EventType "team-swiss"]
[EventDate "2019.10.01"]

1. e4 c5 2. Nf3 d6 3. d4 cxd4 4. Nxd4 Nf6 5. Nc3 g6 6. Be3 Bg7 7. f3 O-O 8. Qd2
Nc6 9. O-O-O Nxd4 10. Bxd4 Be6 11. Kb1 Qc7 12. Nb5 Qb8 13. Be3 Rc8 14. g4 a6
15. Nd4 Bd7 16. h4 b5 17. h5 a5 18. Bh6 b4 19. hxg6 fxg6 20. Bxg7 Kxg7 21. Qh6+
Kg8 22. g5 Nh5 23. Nf5 b3 24. axb3 Re8 25. Rxh5 Kf7 26. Bc4+ e6 27. Qg7# 0-1

[Event "Deutsche Ländermeisterschaft 2019"]
[Site "Würzburg GER"]
[Date "2019.10.04"]
[Round "5"]
[White "Weihrauch, Jakob"]
[Black "Jeschke, Jan"]
[Result "1-0"]
[Termination "normal"]
[Board "10.1"]
[WhiteElo "2167"]
[BlackElo "1863"]
[WhiteTeam "SG Hamburg/Schleswig-Holstein"]
[BlackTeam "Saarland"]
[PlyCount "101"]
[WhiteFideId "16210115"]
[BlackFideId "16225430"]
[EventCountry "GER"]
[EventRounds "7"]
[EventType "team-swiss"]
[EventDate "2019.10.01"]

1. e4 e6 2. d4 d5 3. exd5 exd5 4. Nf3 Nc6 5. Bb5 Bd6 6. c4 Bb4+ 7. Kf1 dxc4 8.
Qa4 Be7 9. Bxc6+ bxc6 10. Qxc6+ Bd7 11. Qxc4 Rb8 12. Nc3 Nf6 13. b3 O-O 14. Bf4
Rb4 15. Qd3 c5 16. Be5 cxd4 17. Bxd4 Bc6 18. Rd1 Nd5 19. Ne5 Bb7 20. Nc4 Re8
21. Bxg7 Nf4 22. Qg3 Qxd1+ 23. Nxd1 Bxg2+ 24. Qxg2 Nxg2 25. Bc3 Nf4 26. Rg1+
Ng6 27. Bxb4 Bxb4 28. Nde3 Kf8 29. Rg5 Bc3 30. Rd5 Re4 31. Rd8+ Kg7 32. Nd6 Re6
33. Rd7 Ne5 34. Rxa7 Bb4 35. Ndf5+ Kg6 36. Ra4 Bc5 37. Rh4 Bxe3 38. Nxe3 Nf3
39. Rg4+ Kh5 40. Rg7 h6 41. Rxf7 Nxh2+ 42. Kg2 Ng4 43. Nxg4 Kxg4 44. a4 h5 45.
b4 Kh4 46. b5 Re4 47. a5 Rb4 48. Rb7 Rg4+ 49. Kf1 Kh3 50. a6 h4 51. a7 1-0

[Event "Deutsche Ländermeisterschaft 2019"]
[Site "Würzburg GER"]
[Date "2019.10.04"]
[Round "5"]
[White "Zha, Kevin"]
[Black "Holinka, Henning"]
[Result "0-1"]
[Termination "normal"]
[Board "10.2"]
[WhiteElo "1923"]
[BlackElo "2101"]
[WhiteTeam "Saarland"]
[BlackTeam "SG Hamburg/Schleswig-Holstein"]
[PlyCount "88"]
[WhiteFideId "16208951"]
[BlackFideId "12967084"]
[EventCountry "GER"]
[EventRounds "7"]
[EventType "team-swiss"]
[EventDate "2019.10.01"]

1. e4 g6 2. d4 Bg7 3. Nc3 d6 4. Bg5 a6 5. Nf3 h6 6. Bh4 b5 7. a4 b4 8. Nd5 a5
9. Bc4 Ba6 10. Qe2 g5 11. Bg3 g4 12. Nh4 e6 13. Bxa6 Nxa6 14. Nf4 Bxd4 15.
O-O-O Qf6 16. Qb5+ Kd8 17. Kb1 Bc5 18. e5 Qxe5 19. Nfg6 Qg7 20. Nxh8 Qxh8 21.
Rhe1 Ne7 22. Be5 Qe8 23. Qxe8+ Kxe8 24. Bd4 Kd7 25. g3 Nc6 26. Bxc5 Nxc5 27. b3
f5 28. Kb2 Ne4 29. f3 Nc3 30. Rd3 Rg8 31. Ng2 Ke7 32. Nf4 Ne5 33. Rde3 gxf3 34.
Rf1 Ne4 35. Nd3 Ng4 36. Ree1 Nd2 37. Rh1 f2 38. Rd1 f1=Q 39. Rdxf1 Nxf1 40.
Rxf1 Nxh2 41. Rf4 Rxg3 42. Nxb4 axb4 43. Rxb4 Rg8 44. Kc3 Ng4 0-1

[Event "Deutsche Ländermeisterschaft 2019"]
[Site "Würzburg GER"]
[Date "2019.10.04"]
[Round "5"]
[White "Popist, Florian"]
[Black "Chassard, Cedric"]
[Result "1/2-1/2"]
[Termination "normal"]
[Board "10.3"]
[WhiteElo "2019"]
[BlackElo "1929"]
[WhiteTeam "SG Hamburg/Schleswig-Holstein"]
[BlackTeam "Saarland"]
[PlyCount "54"]
[WhiteFideId "16203518"]
[BlackFideId "16243536"]
[EventCountry "GER"]
[EventRounds "7"]
[EventType "team-swiss"]
[EventDate "2019.10.01"]

1. e4 e5 2. Nf3 Nc6 3. d4 exd4 4. Nxd4 Nf6 5. Nxc6 bxc6 6. e5 Qe7 7. Qe2 Nd5 8.
c4 Ba6 9. Nd2 g6 10. Nf3 Qb4+ 11. Kd1 Ne7 12. b3 d5 13. exd6 Qxd6+ 14. Qd2
Qxd2+ 15. Bxd2 Bg7 16. Rc1 O-O-O 17. Kc2 Nf5 18. Bd3 Nd4+ 19. Nxd4 Bxd4 20. Bc3
Bxc3 21. Kxc3 c5 22. Rhe1 Rhe8 23. g3 Bb7 24. a3 a5 25. h4 Bf3 26. Rxe8 Rxe8
27. Kd2 Kd7 1/2-1/2

[Event "Deutsche Ländermeisterschaft 2019"]
[Site "Würzburg GER"]
[Date "2019.10.04"]
[Round "5"]
[White "Müller, Maximilian"]
[Black "Ravina, David"]
[Result "0-1"]
[Termination "normal"]
[Board "10.4"]
[WhiteElo "1682"]
[BlackElo "2087"]
[WhiteTeam "Saarland"]
[BlackTeam "SG Hamburg/Schleswig-Holstein"]
[PlyCount "32"]
[WhiteFideId "16243552"]
[BlackFideId "12921858"]
[EventCountry "GER"]
[EventRounds "7"]
[EventType "team-swiss"]
[EventDate "2019.10.01"]

1. d4 Nf6 2. Nf3 c5 3. c3 d5 4. e3 Nc6 5. Bd3 g6 6. Nbd2 Bg7 7. O-O O-O 8. b3
Nd7 9. Bb2 e5 10. Be2 Qe7 11. Qc2 exd4 12. cxd4 cxd4 13. e4 Re8 14. exd5 d3 15.
d6 dxc2 16. dxe7 Bxb2 0-1

[Event "Deutsche Ländermeisterschaft 2019"]
[Site "Würzburg GER"]
[Date "2019.10.04"]
[Round "5"]
[White "Fuhrmann, Bahne"]
[Black "Unbehend, Marius"]
[Result "1/2-1/2"]
[Termination "normal"]
[Board "10.5"]
[WhiteElo "1623"]
[BlackElo "1461"]
[WhiteTeam "SG Hamburg/Schleswig-Holstein"]
[BlackTeam "Saarland"]
[PlyCount "48"]
[WhiteFideId "16244842"]
[BlackFideId "16214420"]
[EventCountry "GER"]
[EventRounds "7"]
[EventType "team-swiss"]
[EventDate "2019.10.01"]

1. e4 c5 2. Nf3 d6 3. d4 cxd4 4. Nxd4 Nf6 5. Nc3 a6 6. Bc4 g6 7. O-O Bg7 8. h3
O-O 9. Be3 b5 10. Bd3 Bb7 11. Nde2 Nc6 12. a3 Qd7 13. Qd2 Rfc8 14. Bh6 Bh8 15.
f4 Qc7 16. Kh1 Na5 17. Rab1 Nc4 18. Qe1 Nd7 19. Bxc4 Qxc4 20. b3 Bxc3 21. bxc4
Bxe1 22. Rfxe1 Rxc4 23. c3 Rxe4 24. Nd4 Rxe1+ 1/2-1/2

[Event "Deutsche Ländermeisterschaft 2019"]
[Site "Würzburg GER"]
[Date "2019.10.04"]
[Round "5"]
[White "Fuchs, Emily"]
[Black "Hubert, Charlotte"]
[Result "0-1"]
[Termination "normal"]
[Board "10.6"]
[WhiteElo "1490"]
[BlackElo "1341"]
[WhiteTeam "Saarland"]
[BlackTeam "SG Hamburg/Schleswig-Holstein"]
[PlyCount "90"]
[WhiteFideId "16208986"]
[BlackFideId "16265920"]
[EventCountry "GER"]
[EventRounds "7"]
[EventType "team-swiss"]
[EventDate "2019.10.01"]

1. e4 c5 2. d4 cxd4 3. c3 dxc3 4. Nxc3 Nc6 5. Nf3 e6 6. Bc4 a6 7. Bf4 Nge7 8.
O-O Ng6 9. Bg3 Be7 10. Qe2 O-O 11. Rfd1 b5 12. Bb3 Qb6 13. Rac1 Rd8 14. e5 Bb7
15. Ne4 Rac8 16. Rc3 Rc7 17. h4 Nf8 18. Nfg5 h6 19. Nf3 b4 20. Rcd3 a5 21. Bc4
a4 22. b3 Na5 23. R3d2 Nxc4 24. bxc4 Bxe4 25. Qxe4 Qc6 26. Qxc6 Rxc6 27. Rc2
Rdc8 28. Rdc1 Rb8 29. Nd4 Rcc8 30. Nb5 b3 31. axb3 axb3 32. Rc3 b2 33. Rb1 Rxb5
34. cxb5 Rxc3 35. Rxb2 Rc8 36. Kh2 Rb8 37. f3 Rb7 38. Bf2 d5 39. b6 Nd7 40. f4
Bd8 41. g4 Bxb6 42. Bxb6 Rxb6 43. Rc2 Rb7 44. Rc8+ Kh7 45. Kg3 Nb6 0-1

[Event "Deutsche Ländermeisterschaft 2019"]
[Site "Würzburg GER"]
[Date "2019.10.04"]
[Round "5"]
[White "Rempe, Mieke"]
[Black "Huppert, Anna"]
[Result "1-0"]
[Termination "normal"]
[Board "10.7"]
[WhiteElo "1481"]
[BlackElo "1516"]
[WhiteTeam "SG Hamburg/Schleswig-Holstein"]
[BlackTeam "Saarland"]
[PlyCount "99"]
[WhiteFideId "16202384"]
[BlackFideId "16214439"]
[EventCountry "GER"]
[EventRounds "7"]
[EventType "team-swiss"]
[EventDate "2019.10.01"]

1. e4 e6 2. d4 d5 3. exd5 exd5 4. Nf3 Bd6 5. c4 c6 6. Nc3 Ne7 7. Bd3 dxc4 8.
Bxc4 Bf5 9. Qb3 O-O 10. Ng5 Bg6 11. O-O Qc7 12. h3 Nd7 13. Nce4 h6 14. Nxd6
hxg5 15. Nxb7 Rab8 16. Qa3 Nf5 17. Nc5 Nxd4 18. Qc3 Nxc5 19. Qxd4 Qe7 20. Qg4
Bd3 21. Bxd3 Nxd3 22. Bxg5 Qc5 23. Bf6 g6 24. Bd4 Qe7 25. Rad1 Nxb2 26. Rfe1
Qb4 27. Qh4 f6 28. Rb1 Qa5 29. Re7 Qh5 30. Qxh5 gxh5 31. Rxb2 Rxb2 32. Bxb2 Rf7
33. Re6 c5 34. Bxf6 c4 35. Rc6 a5 36. Bc3 Rf4 37. Bxa5 Rd4 38. Bc3 Rd1+ 39. Kh2
Rc1 40. Rxc4 Rc2 41. Rc8+ Kf7 42. a4 Rxf2 43. a5 Ra2 44. Ra8 Ke7 45. a6 Kd7 46.
a7 Kc7 47. Rh8 Rxa7 48. Rh7+ Kb8 49. Rxa7 Kxa7 50. Kg3 1-0

[Event "Deutsche Ländermeisterschaft 2019"]
[Site "Würzburg GER"]
[Date "2019.10.05"]
[Round "6"]
[White "Lagunow, Raphael"]
[Black "Svane, Frederik"]
[Result "0-1"]
[Termination "normal"]
[Board "1.1"]
[WhiteTitle "IM"]
[WhiteElo "2433"]
[BlackElo "2360"]
[WhiteClock "00:02:25"]
[BlackClock "00:06:36"]
[WhiteTeam "Berlin"]
[BlackTeam "Schleswig-Holstein"]
[PlyCount "70"]
[WhiteFideId "24652644"]
[BlackFideId "12923044"]
[EventCountry "GER"]
[EventRounds "7"]
[EventType "team-swiss"]
[EventDate "2019.10.01"]

1. e4 {[%clk 1:30:54]} c5 {[%clk 1:30:52]} 2. Nf3 {[%clk 1:31:17]} Nc6 {[%clk
1:31:17]} 3. d4 {[%clk 1:29:39]} cxd4 {[%clk 1:31:37]} 4. Nxd4 {[%clk 1:30:04]}
g6 {[%clk 1:32:01]} 5. Nc3 {[%clk 1:30:03]} Bg7 {[%clk 1:31:23]} 6. Be3 {[%clk
1:30:14]} Nf6 {[%clk 1:31:46]} 7. Bc4 {[%clk 1:30:39]} O-O {[%clk 1:32:07]} 8.
Bb3 {[%clk 1:31:01]} Re8 {[%clk 1:32:30]} 9. h4 {[%clk 1:18:10]} d5 {[%clk
1:31:22]} 10. exd5 {[%clk 1:18:05]} Na5 {[%clk 1:31:42]} 11. Nde2 {[%clk
1:17:52]} a6 {[%clk 1:30:52]} 12. Qd2 {[%clk 0:46:10]} b5 {[%clk 1:31:00]} 13.
Nf4 {[%clk 0:45:49]} Bb7 {[%clk 1:15:54]} 14. Rd1 {[%clk 0:43:18]} Qc7 {[%clk
0:56:55]} 15. f3 {[%clk 0:33:25]} Rad8 {[%clk 0:52:25]} 16. O-O {[%clk
0:20:09]} Nxb3 {[%clk 0:42:11]} 17. axb3 {[%clk 0:19:11]} e5 {[%clk 0:42:24]}
18. d6 {[%clk 0:17:25]} Qc6 {[%clk 0:42:11]} 19. Nfd5 {[%clk 0:17:42]} Qxd6
{[%clk 0:41:30]} 20. Nxf6+ {[%clk 0:15:12]} Qxf6 {[%clk 0:41:49]} 21. Qf2
{[%clk 0:15:39]} Rxd1 {[%clk 0:37:15]} 22. Rxd1 {[%clk 0:15:47]} Rd8 {[%clk
0:36:10]} 23. Re1 {[%clk 0:10:47]} Qf5 {[%clk 0:32:24]} 24. Ne4 {[%clk
0:10:44]} Bxe4 {[%clk 0:16:51]} 25. fxe4 {[%clk 0:11:08]} Qg4 {[%clk 0:16:21]}
26. Bg5 {[%clk 0:07:22]} Rd1 {[%clk 0:13:33]} 27. Rxd1 {[%clk 0:06:21]} Qxd1+
{[%clk 0:13:57]} 28. Kh2 {[%clk 0:06:48]} h6 {[%clk 0:11:46]} 29. Be7 {[%clk
0:07:10]} Qc1 {[%clk 0:10:25]} 30. c3 {[%clk 0:06:35]} h5 {[%clk 0:08:16]} 31.
b4 {[%clk 0:03:53]} Bh6 {[%clk 0:08:00]} 32. Bc5 {[%clk 0:03:48]} Bd2 {[%clk
0:05:34]} 33. Qf6 {[%clk 0:02:13]} Bf4+ {[%clk 0:05:52]} 34. g3 {[%clk
0:02:32]} Qd2+ {[%clk 0:06:17]} 35. Kh3 {[%clk 0:02:25]} Qd3 {[%clk 0:06:36]}
0-1